| 000 | 00353nam a2200109Ia 4500 | ||
|---|---|---|---|
| 008 | 171204s9999 xx 000 0 und d | ||
| 245 | _aReal-world Business Intelligence With Microsoft Dynamics Gp: | ||
| 245 | _cBelinda Allen | ||
| 260 | _c2015 | ||
| 650 | _xBUSINESS INTELLIGENCE AND ANALYTICS | ||
| 856 | _uhttp://down.ebook777.com/026/9781782177241.pdf | ||
| 999 |
_c347127 _d347127 |
||